[Event "Druzynowe Mistrzostwa Polski Juniorow - II liga"]
[Site "Sypniewo k. Jastrowia"]
[Date "2023-06-17"]
[Round "4.20"]
[White "Khimichenko, Dmytro"]
[Black "Ochalik, Filip"]
[Result "1/2-1/2"]
[WhiteTitle "I"]
[BlackTitle "I"]
[WhiteElo "1457"]
[BlackElo "1697"]

1. e4 2. c5 3. b4 4. cxb4 5. a3 6. e5 7. Nf3 8. Nc6 9. axb4 10. Bxb4 11. c3 12.
Ba5 13. Qa4 14. Qc7 15. Bb5 16. Nge7 17. O-O 18. a6 19. Bxc6 20. Nxc6 21. d4 22.
b5 23. Qa2 24. exd4 25. cxd4 26. Bb6 27. Qd2 28. O-O 29. Nc3 30. Bb7 31. Nd5 32.
Qd8 33. Ba3 34. Re8 35. Nxb6 36. Qxb6 37. Bc5 38. Qd8 39. d5 40. Ne5 41. Nxe5
42. Rxe5 43. f3 44. d6 45. Bd4 46. Re8 47. g4 48. f6 49. Rfc1 50. a5 51. Qf2 52.
Ra6 53. Rab1 54. b4 55. Qc2 56. Re7 57. Qa4 58. Qd7 59. Qxd7 60. Rxd7 61. Kf2
62. Kf7 63. Ke3 64. Re7 65. Kd2 66. Ke8 67. Rb2 68. Kd8 69. Rbb1 70. Rc7 71. Rxc7
72. Kxc7 73. h4 74. h6 75. g5 76. hxg5 77. hxg5 78. Ra8 79. gxf6 80. gxf6 81.
Rg1 82. Bc8 83. Rc1+ 84. Kb7 85. Rc6 86. Ra6 87. Rxa6 88. Kxa6 89. Bxf6 90. Kb5
91. Kc2 92. a4 93. e5 94. dxe5 95. Bxe5 96. Bf5+ 97. Kb2 98. Kc5 99. Bf6 100.
Kc4 101. Be7 102. b3 103. Ba3 1/2-1/2

[Event "Druzynowe Mistrzostwa Polski Juniorow - II liga"]
[Site "Sypniewo k. Jastrowia"]
[Date "2023-06-17"]
[Round "4.21"]
[White "Futyma, Dawid"]
[Black "Pekala, Dawid"]
[Result "1-0"]
[WhiteTitle "I"]
[BlackTitle "I"]
[WhiteElo "1685"]
[BlackElo "1534"]

1. Nf3 2. e6 3. b3 4. Nf6 5. Bb2 6. Be7 7. d4 8. b6 9. Nbd2 10. Bb7 11. e3 12.
O-O 13. Bd3 14. d5 15. O-O 16. c5 17. Ne5 18. Nbd7 19. f4 20. Ne4 21. Nxe4 22.
dxe4 23. Bc4 24. Nf6 25. Qe2 26. Qc7 27. Rad1 28. Rad8 29. Rd2 30. Nd5 31. Bxd5
32. exd5 33. Rfd1 34. f6 35. Ng4 36. cxd4 37. Bxd4 38. Rc8 39. Bb2 40. Qc6 41.
Rc1 42. b5 43. c3 44. a5 45. h3 46. Ba6 47. Rdc2 48. Qe6 49. Qd2 50. Bc5 51. Nh2
52. Rfd8 53. Nf1 54. Qd6 55. Kh1 56. g5 57. fxg5 58. fxg5 59. c4 60. b4 61. Qxd5+
62. Qxd5 63. cxd5 64. Rxd5 65. Bd4 66. Rf8 67. Rxc5 68. Rxc5 69. Rxc5 70. Rxf1+
71. Kh2 72. h6 73. Rxa5 74. Bd3 75. Kg3 76. Re1 77. Ra7 78. Re2 79. Bc5 80. h5
81. Bd4 82. h4+ 83. Kg4 84. Rxg2+ 85. Kf5 86. Rc2 87. Kg6 88. Kf8 89. Bf6 90.
Bb5 91. Kxg5 92. Rh2 93. Kxh4 94. Bf1 95. Kg5 96. Rxh3 97. Kg6 98. Bb5 99. Be7+
100. Ke8 101. Bc5 102. Bd3 103. Kf6 104. Rh6+ 105. Ke5 106. Rh2 107. Bxb4 108.
Bb1 109. a4 110. Bc2 111. Bd6 112. Bxb3 113. Kxe4 114. Rh6 115. Bf4 116. Rc6 117.
a5 118. Bc4 119. Kd4 120. Be2 121. Kd5 122. Rg6 123. e4 124. Bb5 125. Bd6 126.
Rg2 127. e5 1-0

[Event "Druzynowe Mistrzostwa Polski Juniorow - II liga"]
[Site "Sypniewo k. Jastrowia"]
[Date "2023-06-17"]
[Round "4.22"]
[White "Wolak, Jan"]
[Black "Krzyzek, Daniel"]
[Result "0-1"]
[WhiteTitle "II"]
[BlackTitle "II"]
[WhiteElo "1394"]
[BlackElo "1244"]

1. e4 2. e6 3. d4 4. d5 5. Nd2 6. c5 7. exd5 8. exd5 9. Ngf3 10. Nf6 11. c3 12.
cxd4 13. Nxd4 14. Bc5 15. N2f3 16. O-O 17. Be2 18. Bg4 19. O-O Nc6 20. Bg5 21.
Nxd4 22. Nxd4 23. Bxe2 24. Nxe2 25. Re8 26. Nd4 27. Qb6 28. Nf5 29. Re5 30. Qf3
31. Ne4 32. Bh4 33. a5 34. Qf4 35. Rae8 36. Rab1 37. f6 38. b4 39. Nxc3 40. Rb2
41. axb4 42. Kh1 43. Qb5 44. Rg1 45. Re1 46. h3 47. Rxg1+ 48. Kxg1 49. Ne2+ 50.
Rxe2 51. Qxe2 52. Nxg7 53. Qe1+ 54. Kh2 55. Qe5 56. Qxe5 57. Rxe5 58. Bxf6 59.
Bd6 60. f4 61. Re4 62. g3 Re2+ 63. Kg1 64. Rxa2 65. Nf5 Bc5+ 66. Kf1 67. b3 68.
Nh6+ 69. Kf8 70. Ng4 71. d4 72. Ne5 73. b2 74. Nd7+ 75. Ke8 76. Ke2 77. b1=Q+
78. Kf3 79. Kxd7 80. Kg4 81. Qg6+ 82. Bg5 83. d3 84. f5 85. Ra4+ 86. Kf3 87. Qxg5
88. g4 89. Qf4+ 90. Kg2 91. Qf2+ 92. Kh1 93. Ra1# 0-1

[Event "Druzynowe Mistrzostwa Polski Juniorow - II liga"]
[Site "Sypniewo k. Jastrowia"]
[Date "2023-06-17"]
[Round "4.23"]
[White "Siwak, Aleksandra"]
[Black "Szopa, Emilia"]
[Result "0-1"]
[WhiteTitle "II"]
[BlackTitle "I++"]
[WhiteElo "1172"]
[BlackElo "1697"]

1. d4 2. Nf6 3. c4 4. c5 5. d5 6. d6 7. Nc3 8. g6 9. e4 10. Bg7 11. Nf3 12. a6
13. Be2 14. Bd7 15. O-O 16. b5 17. cxb5 18. axb5 19. Nxb5 20. Nxe4 21. Re1 22.
O-O 23. Bd3 24. Nxf2 25. Kxf2 26. c4 27. Bxc4 28. Bxb5 29. Bxb5 30. Qb6+ 31. Re3
32. Qxb5 33. Rxe7 34. Bxb2 35. Rb1 36. Rxa2 37. Bxb2 38. Rxb2+ 39. Rxb2 40. Qxb2+
41. Kg3 42. Na6 43. Qa4 44. Nc5 45. Qf4 46. Qc2 47. Ng5 48. Nd3 49. Qf6 50. Qb3
51. Qxd6 52. Nb4+ 53. Kh4 54. Nxd5 55. Rd7 56. Ne3 57. Qd2 58. Qc4+ 59. Rd4 60.
Qxd4+ 61. Qxd4 62. Nf5+ 0-1

[Event "Druzynowe Mistrzostwa Polski Juniorow - II liga"]
[Site "Sypniewo k. Jastrowia"]
[Date "2023-06-17"]
[Round "4.24"]
[White "Pajak, Patrycja"]
[Black "Pawlikowska, Ewa"]
[Result "1-0"]
[WhiteTitle "I"]
[BlackTitle "I"]
[WhiteElo "1268"]
[BlackElo "1325"]

1. e4 2. c5 3. Nf3 4. d6 5. d4 6. cxd4 7. Nxd4 8. Nf6 9. Nc3 10. a6 11. Be2 12.
e5 13. Nb3 14. Be7 15. Be3 16. Be6 17. O-O 18. O-O 19. Nd5 20. Nbd7 21. f3 22.
Rc8 23. c4 24. b6 25. a4 26. Nc5 27. Nd2 28. Nfd7 29. Nb1 30. Bxd5 31. cxd5 32.
Bg5 33. Bxg5 34. Qxg5 35. b4 36. Nb7 37. Bxa6 38. Rc7 39. Qd2 40. Qg6 41. Nc3
42. Rfc8 43. Rac1 44. f5 45. Bd3 46. f4 47. Ba6 48. Rf8 49. Nb5 50. Rxc1 51. Rxc1
52. Nd8 53. Na3 54. h5 55. Qf2 56. Qg5 57. Kf1 58. Rf6 59. Bb5 60. Nf8 61. Nc4
62. h4 63. h3 64. Nh7 65. Nxb6 66. Rf8 67. a5 68. Nf6 69. Ke1 70. Nf7 71. a6 72.
g6 73. a7 74. Kg7 75. Rc8 76. Rxc8 77. Nxc8 78. Kh6 79. a8=Q 80. Kg7 81. Qb7 82.
Kg8 83. Qfa7 84. Qh6 85. Qxf7+ 86. Kh8 87. Nxd6 88. Nh5 89. Qb8+ 90. Qf8 91. Qbxf8#
1-0

[Event "Druzynowe Mistrzostwa Polski Juniorow - II liga"]
[Site "Sypniewo k. Jastrowia"]
[Date "2023-06-17"]
[Round "4.25"]
[White "Jagodzinski, Jaromir"]
[Black "Stepinski, Piotr"]
[Result "0-1"]
[WhiteTitle "II+"]
[BlackTitle "I"]
[WhiteElo "1477"]
[BlackElo "1845"]

1. e4 2. c5 3. Nf3 4. e6 5. d4 6. cxd4 7. Nxd4 8. Nc6 9. Nc3 10. Qc7 11. Ndb5 12.
Qb8 13. Be3 14. a6 15. Bb6 16. axb5 17. Nxb5 18. Bb4+ 19. c3 20. Ba5 21. Nc7+
22. Qxc7 23. Bxc7 24. Bxc7 25. Qg4 26. g6 27. Qf3 28. Nge7 29. Bb5 30. O-O 31.
a4 32. f5 33. O-O 34. fxe4 35. Qxe4 36. d5 37. Qe2 38. e5 39. Rad1 40. h5 41.
Kh1 42. Bf5 43. Bd3 44. e4 45. Bc2 46. Be5 47. Qb5 48. Ra5 49. Qb3 50. Kg7 51.
Qa2 52. Rd8 53. Qb1 54. Bf6 55. c4 56. Nb4 57. Rfe1 58. Nxc2 59. Qxc2 60. d4 61.
b4 62. Re5 63. Qb3 64. d3 65. a5 66. Bg4 67. Rd2 68. Nc6 69. h3 70. Bf5 71. Qa3
72. Nd4 73. Qa4 74. Bg5 75. Rxd3 76. exd3 77. Rxe5 78. d2 79. Rc5 80. Bc2 81.
Rc7+ 82. Kh6 0-1

[Event "Druzynowe Mistrzostwa Polski Juniorow - II liga"]
[Site "Sypniewo k. Jastrowia"]
[Date "2023-06-17"]
[Round "4.26"]
[White "Haladaj, Adam"]
[Black "Baranowski, Jan"]
[Result "1-0"]
[WhiteTitle "I"]
[BlackTitle "II"]
[WhiteElo "1620"]
[BlackElo "1294"]

1. e4 2. c5 3. Nf3 4. Nc6 5. d4 6. cxd4 7. Nxd4 8. g6 9. c4 10. Bg7 11. Be3 12.
Nf6 13. Nc3 14. O-O 15. Be2 16. d6 17. O-O 18. Bd7 19. Qd2 20. Re8 21. b3 22.
Qa5 23. Rac1 24. Nxd4 25. Qxd4 26. Ng4 27. Qd2 28. Nxe3 29. fxe3 30. Be6 31. Rc2
32. Qg5 33. Bf3 34. Be5 35. Nd5 36. Rac8 37. Nf4 38. Bg4 39. Kh1 40. Qh4 41. Bxg4
42. Qxg4 43. Qd5 44. Bxf4 45. exf4 46. Rc6 47. Rcf2 48. Kg7 49. Qd4+ 50. f6 51.
Qxa7 52. Qe6 53. Qd4 54. Rc5 55. Rf3 56. Ra8 57. a4 58. Rac8 59. Rc3 60. R8c6
61. h3 62. Rb6 63. Re3 64. Rbc6 65. Rfe1 66. Ra5 67. Rc3 68. Rac5 69. Rec1 70.
Rb6 71. a5 72. Rb4 73. Re3 74. Rbb5 75. Qd2 76. Qc8 77. Ra1 78. Rxb3 79. Rxb3
80. Rxc4 81. Re3 82. Rc2 83. Qd4 84. e5 85. Qxd6 86. Rc1+ 87. Re1 88. Rc3 89.
fxe5 90. Rxh3+ 91. Kg1 92. Qg4 93. exf6+ 94. Kh6 95. f7 96. Kg7 97. f8=Q# 1-0

[Event "Druzynowe Mistrzostwa Polski Juniorow - II liga"]
[Site "Sypniewo k. Jastrowia"]
[Date "2023-06-17"]
[Round "4.27"]
[White "Ejsymont, Eryk"]
[Black "Gawlik, Olivier"]
[Result "0-1"]
[WhiteTitle "II+"]
[BlackTitle "II+"]
[WhiteElo "1385"]
[BlackElo "1530"]

1. e4 2. c6 3. d4 4. d5 5. Nc3 6. dxe4 7. Nxe4 8. Nf6 9. Nxf6+ 10. exf6 11. c3
12. Bd6 13. Bd3 14. O-O 15. Be3 16. Re8 17. Qd2 18. Nd7 19. O-O-O 20. Nf8 21.
h4 22. h6 23. Nh3 24. Qc7 25. Bf4 26. b5 27. Bxd6 28. Qxd6 29. Rde1 30. Be6 31.
Bb1 32. a5 33. Qf4 34. Qd7 35. f3 36. Bxh3 37. gxh3 38. Rxe1+ 39. Rxe1 40. Qxh3
41. Rg1 42. Qe6 43. Qxh6 44. g6 45. Be4 46. f5 47. Bc2 48. a4 49. a3 50. Nh7 51.
Kb1 52. Kh8 53. Rg5 54. Rg8 55. Rg1 56. Qe7 57. Qf4 58. Re8 59. Qg3 60. Qf6 61.
f4 62. Qe6 63. Bd1 64. Qe3 65. Bf3 66. Qd3+ 67. Kc1 68. Re3 69. Rd1 70. Qc4 71.
Qg2 72. Re6 73. Kb1 74. Nf6 75. d5 76. cxd5 77. Bxd5 78. Nxd5 79. Qxd5 80. Qxf4
81. Qxb5 82. Qxh4 83. Qb8+ 84. Kg7 85. Rd8 86. Re1+ 87. Ka2 88. Qc4+ 89. b3 90.
Qe2+ 91. Rd2 92. Qxd2# 0-1

[Event "Druzynowe Mistrzostwa Polski Juniorow - II liga"]
[Site "Sypniewo k. Jastrowia"]
[Date "2023-06-17"]
[Round "4.28"]
[White "Szymczyk, Jan"]
[Black "Rabiej, Mateusz"]
[Result "1/2-1/2"]
[WhiteTitle "II"]
[BlackTitle "II"]
[WhiteElo "1304"]
[BlackElo "1243"]

1. e4 2. c5 3. Nf3 4. e6 5. c3 6. d5 7. Bb5+ 8. Nc6 9. exd5 10. exd5 11. d4 12.
Nf6 13. O-O 14. Be7 15. Bf4 16. O-O 17. Re1 18. Bg4 19. Be2 20. Rc8 21. h3 22.
Bh5 23. Ne5 24. Bxe2 25. Rxe2 26. Nxe5 27. Bxe5 28. h6 29. Nd2 30. Re8 31. Qe1
32. Nd7 33. Nf3 34. Bf6 35. Bxf6 36. Nxf6 37. Rxe8+ 38. Qxe8 39. dxc5 40. Qxe1+
41. Rxe1 42. Rxc5 43. Re7 44. Rb5 45. b4 46. a5 47. a4 48. Rb6 49. bxa5 50. Rb3
51. Nd4 52. Rxc3 53. Rxb7 54. Rc4 55. a6 56. Rxd4 57. a7 58. Rxa4 59. Rb8+ 60.
Kh7 61. a8=Q 62. Rxa8 63. Rxa8 64. Kg6 65. Kf1 66. Ne4 67. Rd8 68. Nf6 69. Ke2
70. Kf5 71. Ke3 72. Ke5 73. f4+ 74. Ke6 75. g4 76. g5 77. f5+ 78. Ke5 79. Rf8
80. d4+ 81. Kd3 82. Nd5 83. Rxf7 84. Nf4+ 85. Kd2 86. Nxh3 87. Re7+ 88. Kd6 89.
Re6+ 90. Kd5 91. Ra6 92. Nf2 93. f6 94. Ne4+ 95. Ke2 96. Nd6 97. Kd3 98. Ke5 1/2-1/2

[Event "Druzynowe Mistrzostwa Polski Juniorow - II liga"]
[Site "Sypniewo k. Jastrowia"]
[Date "2023-06-17"]
[Round "4.29"]
[White "Nurkiewicz, Anna"]
[Black "Banasiak, Adrianna"]
[Result "0-1"]
[WhiteTitle "I+"]
[BlackTitle "I"]
[WhiteElo "1247"]
[BlackElo "1507"]

1. d4 2. d5 3. c4 4. dxc4 5. Bf4 6. Nf6 7. e3 8. b5 9. a4 10. c6 11. axb5 12. cxb5
13. Nc3 14. Qb6 15. b3 16. e6 17. bxc4 18. Bb4 19. Qb3 20. bxc4 21. Bxc4 22. Nc6
23. Ne2 24. Na5 25. Qa2 26. Nxc4 27. Qxc4 28. a5 29. O-O 30. Ba6 31. Na4 32. Bxc4
33. Nxb6 34. Bxe2 35. Nxa8 36. Bxf1 37. Nc7+ 38. Kd7 39. Kxf1 40. Nh5 41. Na6
42. Nxf4 43. Nxb4 44. axb4 45. exf4 46. Rb8 47. Ke2 48. b3 49. Rb1 50. b2 51.
Kd3 52. Kd6 53. Kc4 54. h5 55. f3 56. h4 57. g3 58. h3 59. g4 60. g6 61. g5 62.
Rb7 63. Kd3 64. Kd5 65. Kc3 66. Rb8 67. Kd3 68. Rb3+ 69. Kc2 70. Kc4 71. Rxb2
72. Rxb2+ 73. Kxb2 74. Kxd4 75. Kc2 76. Ke3 77. Kd1 78. Kxf3 79. Kd2 80. Kxf4
81. Kd3 82. e5 83. Kc4 84. e4 85. Kd4 86. Kf3 87. Kc3 88. e3 89. Kd3 90. e2 91.
Kd4 0-1

[Event "Druzynowe Mistrzostwa Polski Juniorow - II liga"]
[Site "Sypniewo k. Jastrowia"]
[Date "2023-06-17"]
[Round "4.31"]
[White "Lechowski, Witold"]
[Black "Doroba, Ludwik"]
[Result "1/2-1/2"]
[WhiteTitle "I"]
[BlackTitle "II"]
[WhiteElo "1635"]
[BlackElo "1420"]

1. Nf3 2. d5 3. g3 4. Nf6 5. Bg2 6. e6 7. O-O 8. Be7 9. d4 10. O-O 11. c4 12. c6
13. Nc3 14. Nbd7 15. b3 16. b6 17. Bb2 18. Bb7 19. Qc2 20. c5 21. cxd5 22. exd5
23. Rfd1 24. Rc8 25. Rac1 26. Ne4 27. Qb1 28. Ndf6 29. Ne5 30. Nxc3 31. Bxc3 32.
Bd6 33. e3 34. Qe7 35. Qa1 36. Rfd8 37. dxc5 38. bxc5 39. Nd3 40. Ne8 41. Ba5
42. Rd7 43. Bc3 44. Rdd8 45. Ba5 46. Rd7 47. Bc3 48. Rdd8 49. Ba5 50. Rd7 51.
Bc3 1/2-1/2

[Event "Druzynowe Mistrzostwa Polski Juniorow - II liga"]
[Site "Sypniewo k. Jastrowia"]
[Date "2023-06-17"]
[Round "4.32"]
[White "Rumniak, Aleksy"]
[Black "Czak, Dominik"]
[Result "0-1"]
[WhiteTitle "II"]
[BlackTitle "I"]
[WhiteElo "1272"]
[BlackElo "1583"]

1. e4 2. c6 3. d4 4. d5 5. Nd2 6. dxe4 7. Nxe4 8. Nf6 9. Nxf6+ 10. exf6 11. c3
12. Bf5 13. Bd3 Bxd3 14. Qxd3 15. Bd6 16. Ne2 17. O-O 18. O-O 19. Qc7 20. Ng3
21. Re8 22. Bd2 23. Nd7 24. Rae1 25. Nf8 26. c4 27. Ng6 28. Re4 29. Re6 30. Rfe1
31. Rae8 32. b4 33. a6 34. a3 35. Bxg3 36. hxg3 37. Qd7 38. Bc3 39. b5 40. Rxe6
41. Rxe6 42. Rd1 43. Rd6 44. c5 45. Rd5 46. Qe2 47. Qe6 48. Qd2 49. Qd7 50. Re1
51. Kf8 52. Re2 53. h6 54. Qe1 55. Ne7 56. g4 57. f5 58. Re5 59. fxg4 60. Qe4
61. Rxe5 62. Qxe5 63. f6 64. Qb8+ 65. Kf7 66. Bb2 67. Qf5 0-1

[Event "Druzynowe Mistrzostwa Polski Juniorow - II liga"]
[Site "Sypniewo k. Jastrowia"]
[Date "2023-06-17"]
[Round "4.34"]
[White "Soja, Adam"]
[Black "Pelczarski, Wojciech"]
[Result "0-1"]
[WhiteTitle "II"]
[BlackTitle "II"]
[WhiteElo "1238"]
[BlackElo "1398"]

1. e4 2. e6 3. d4 4. d5 5. Nd2 6. Nf6 7. e5 8. Nfd7 9. Bd3 10. c5 11. c3 12. Nc6
13. Ngf3 14. cxd4 15. cxd4 16. f6 17. Bb5 18. Be7 19. O-O 20. O-O 21. Bxc6 22.
bxc6 23. Qa4 24. fxe5 25. Qxc6 26. Nb6 27. Nxe5 28. Rf6 29. Ndf3 30. Ba6 31. Qc2
32. Bxf1 33. Kxf1 34. Rc8 35. Qd3 36. Nc4 37. Kg1 38. Nxe5 39. Nxe5 40. h6 41.
Ng4 42. Rf5 43. g3 44. Bg5 45. f4 46. Be7 47. Qa6 48. Bd6 49. Ne5 50. Rc7 51.
Bd2 52. Qe7 53. Nc6 54. Qf6 55. Ba5 56. Rf7 57. Nd8 58. Qxd4+ 59. Kf1 60. Rxf4+
61. gxf4 62. Rxf4+ 63. Ke2 64. Qf2+ 65. Kd3 66. Rf3# 0-1

[Event "Druzynowe Mistrzostwa Polski Juniorow - II liga"]
[Site "Sypniewo k. Jastrowia"]
[Date "2023-06-17"]
[Round "4.35"]
[White "Janikowska, Wiktoria"]
[Black "Mitrega, Wiktoria"]
[Result "1-0"]
[WhiteTitle "I+"]
[BlackTitle "I"]
[WhiteElo "1636"]
[BlackElo "1348"]

1. Nf3 2. d5 3. g3 4. c6 5. Bg2 6. Nf6 7. O-O 8. g6 9. d4 10. Bg7 11. Nbd2 12.
Nbd7 13. c4 14. e6 15. Qc2 16. O-O 17. e4 18. dxe4 19. Nxe4 20. Nxe4 21. Qxe4
22. Re8 23. Be3 24. e5 25. Qc2 26. Qc7 27. Rfe1 28. exd4 29. Bxd4 30. Rxe1+ 31.
Rxe1 32. Qd8 33. Bxg7 34. Kxg7 35. Qd2 36. Qf8 37. Qc3+ 38. Kg8 39. Ng5 40. f6
41. Ne6 42. Qd6 43. c5 44. Qb8 45. Qb3 46. Kh8 47. Nc7 1-0

[Event "Druzynowe Mistrzostwa Polski Juniorow - II liga"]
[Site "Sypniewo k. Jastrowia"]
[Date "2023-06-17"]
[Round "4.37"]
[White "Wilgosz, Szczepan"]
[Black "Garwacki, Kornel"]
[Result "1-0"]
[WhiteTitle "I"]
[BlackTitle "I"]
[WhiteElo "1650"]
[BlackElo "1778"]

1. e4 2. d6 3. d4 4. Nf6 5. Nc3 6. g6 7. f4 8. Bg7 9. Nf3 10. c5 11. dxc5 12. Qa5
13. Bd3 14. Qxc5 15. Qe2 16. Bg4 17. Be3 18. Qa5 19. O-O 20. O-O 21. h3 22. Bxf3
23. Qxf3 24. Nc6 25. Ne2 26. e5 27. f5 28. d5 29. Ng3 30. Rac8 31. a3 32. dxe4
33. Bxe4 34. Nd4 35. Bxd4 36. exd4 37. fxg6 38. hxg6 39. Bd3 40. Qg5 41. Rae1
42. Nd5 43. Ne4 44. Qd8 45. Re2 46. Ne3 47. Rfe1 48. Qb6 49. c3 50. Nf5 51. Qf2
52. Qb3 53. g4 54. dxc3 55. gxf5 56. cxb2 57. f6 58. Qxd3 59. fxg7 60. Rfd8 61.
Qh4 62. Kxg7 63. Rxb2 64. Rc6 65. Rd2 66. Qxd2 67. Nxd2 68. Rxd2 69. Qb4 70. Rd7
71. Re7 72. Rxe7 73. Qxe7 74. Re6 75. Qxb7 76. a6 77. a4 78. Kg8 79. a5 80. Kg7
81. Qb6 82. Kg8 83. Kf2 84. Kf8 85. Qd8+ 86. Kg7 87. Kf3 88. Re1 89. Kf4 90. Re6
91. Qb6 92. Kf6 93. Qd4+ 94. Ke7 95. Kg5 96. Kf8 97. Kh6 98. Re8 99. Qh8+ 100.
Ke7 101. Qe5+ 102. Kf8 103. Qd6+ 1-0

[Event "Druzynowe Mistrzostwa Polski Juniorow - II liga"]
[Site "Sypniewo k. Jastrowia"]
[Date "2023-06-17"]
[Round "4.38"]
[White "Nawrocki, Michal"]
[Black "Marek, Grzegorz"]
[Result "1-0"]
[WhiteTitle "I"]
[BlackTitle "I"]
[WhiteElo "1595"]
[BlackElo "1651"]

1. e4 2. c5 3. Nf3 4. Nc6 5. b4 6. cxb4 7. d4 8. d5 9. exd5 10. Qxd5 11. c4 12.
bxc3 13. Nxc3 14. Qa5 15. Bd2 16. Nf6 17. Bb5 18. Bd7 19. O-O 20. e6 21. d5 22.
Nd8 23. dxe6 24. Nxe6 25. Rb1 26. Qd8 27. Re1 28. Be7 29. Qa4 30. O-O 31. Bxd7
32. Nxd7 33. Rbd1 34. Ndc5 35. Qg4 36. Qc8 37. Nd5 38. Bd8 39. Nh4 40. Bxh4 41.
Qxh4 42. Qd8 43. Ne7+ 44. Kh8 45. Bc3 46. Qc7 47. Be5 48. Qa5 49. Re3 50. Qa4
51. Qxh7+ 52. Kxh7 53. Rh3+ 1-0

[Event "Druzynowe Mistrzostwa Polski Juniorow - II liga"]
[Site "Sypniewo k. Jastrowia"]
[Date "2023-06-17"]
[Round "4.39"]
[White "Zajadlak, Milosz"]
[Black "Nowicki, Franciszek"]
[Result "1/2-1/2"]
[WhiteTitle "II"]
[BlackTitle "II"]
[WhiteElo "1290"]
[BlackElo "1289"]

1. e4 2. c5 3. Nf3 4. e6 5. d4 6. cxd4 7. Nxd4 8. a6 9. Nc3 10. Qc7 11. Bd3 12.
Nf6 13. f4 14. d6 15. g4 16. Be7 17. g5 18. Nfd7 19. Qe2 20. Nc6 21. Nxc6 22.
bxc6 23. Be3 24. d5 25. Bd4 26. O-O 27. exd5 28. Qxf4 29. Be3 30. Qh4+ 31. Bf2
32. Qxg5 33. Rg1 34. Qe5 35. dxc6 36. Qxe2+ 37. Nxe2 38. Ne5 39. Be4 40. f5 41.
Bh1 42. Rb8 43. c7 44. Rb4 45. O-O-O 46. Rc4 47. Bb6 48. Nd7 49. Ba5 50. Bf6 51.
Rd6 52. Ra4 53. Bc3 54. Rxa2 55. Kb1 56. Bxc3 57. Kxa2 58. Be5 59. Rxe6 60. Bxh2
61. Bd5 62. Bxg1 63. Re8+ 64. Kh8 65. Rxf8+ 66. Nxf8 67. Nxg1 68. Ne6 69. Bxe6
70. Bxe6+ 71. Ka3 72. g5 73. Kb4 74. g4 75. Ne2 76. Bc8 77. Kc5 78. h5 79. Nf4
80. g3 81. Kd6 82. Kh7 83. Ke7 Kh6 1/2-1/2

[Event "Druzynowe Mistrzostwa Polski Juniorow - II liga"]
[Site "Sypniewo k. Jastrowia"]
[Date "2023-06-17"]
[Round "4.40"]
[White "Kurczewski, Borys"]
[Black "Wasilko, Szymon"]
[Result "0-1"]
[WhiteTitle "II"]
[BlackTitle "II"]
[WhiteElo "1153"]
[BlackElo "1149"]

1. e4 2. e5 3. Nf3 4. Nc6 5. d4 6. exd4 7. Bc4 8. Bc5 9. c3 10. Nf6 11. e5 12.
d5 13. Bb5 14. Ne4 15. cxd4 16. Bb6 17. Be3 18. Bg4 19. Nbd2 20. O-O 21. Qc2 22.
Nxd2 23. Bxd2 24. Bxf3 25. gxf3 26. Nxd4 27. Qd3 28. Qh4 29. Ba4 30. Nxf3+ 31.
Qxf3 32. Qxa4 33. Bh6 34. Ba5+ 35. Kf1 36. Qc4+ 37. Kg2 gxh6 38. Rhg1 39. Bd2
40. Kh3+ Bg5 41. Rg4 42. Qc6 43. Rag1 44. Qe6 45. Kg2 46. Kh8 47. Kh1 48. Qxe5
49. h4 50. Bf6 51. Qg2 52. Qe8 53. Qxd5 54. Qc6 55. Qxc6 56. bxc6 57. b3 58. Rg8
59. Rc4 60. Rxg1+ 61. Kxg1 62. Rg8+ 63. Kh2 64. Be5+ 65. f4 66. Bd6 67. Rxc6 68.
Bxf4+ 69. Kh3 70. Rg3+ 71. Kh2 72. Rc3+ 73. Kh1 74. Rxc6 0-1

[Event "Druzynowe Mistrzostwa Polski Juniorow - II liga"]
[Site "Sypniewo k. Jastrowia"]
[Date "2023-06-17"]
[Round "4.41"]
[White "Pietrzak, Emilia"]
[Black "Michalska, Anna-maria"]
[Result "1-0"]
[WhiteTitle "I+"]
[BlackTitle "I"]
[WhiteElo "1456"]
[BlackElo "1382"]

1. e4 2. c6 3. d4 4. d5 5. exd5 6. cxd5 7. c4 8. Nf6 9. Nc3 10. Nc6 11. Nf3 12.
Bg4 13. cxd5 14. Nxd5 15. Qb3 16. Nb6 17. Be3 18. Bxf3 19. gxf3 20. e6 21. Rd1
22. Bb4 23. Rg1 24. g6 25. a3 26. Ba5 27. Qc2 Nd5 28. b4 29. Ncxb4 30. axb4 31.
Bxb4 32. Bd2 33. Rc8 34. Qa4+ 35. Kf8 36. Nxd5 37. Bxd2+ 38. Rxd2 39. Qxd5 40.
Be2 41. a6 42. Qa3+ 43. Kg7 44. Kf1 45. Rc6 46. Qe3 47. Rd8 48. Kg2 49. e5 50.
Rgd1 51. Rcd6 52. dxe5 53. Qxd2 54. exd6 55. Qa5 56. Bc4 57. Qf5 58. Qe7 59. Rd7
60. Qe4 61. Qa5 62. Rd5 63. Qd8 64. Qe5+ 65. Qf6 66. f4 67. b5 68. Be2 69. h5
70. Bd3 71. Rd8 72. d7 73. Qxe5 74. fxe5 75. Kf8 76. Rd6 77. Ke7 78. Rxa6 79.
Rb8 80. Rd6 81. b4 82. Bc4 83. Rd8 84. Rd3 85. Rb8 86. d8=Q+ 87. Rxd8 88. Rxd8
89. Kxd8 90. Bxf7 91. g5 92. h4 93. gxh4 94. Kh3 95. Ke7 96. Bb3 97. Kf8 98. Kxh4
99. Kg7 100. Kxh5 101. Kf8 102. Kg6 103. Ke7 104. f4 105. Ke8 106. f5 Kf8 107.
f6 108. Ke8 109. Kg7 110. Kd7 111. f7 112. Kc6 113. f8=Q 114. Kd7 115. Qd6+ 116.
Kc8 117. Be6+ 118. Kb7 119. Bd5+ 120. Kc8 121. Qc6+ 122. Kd8 123. Be6 124. Ke7
125. Qd7# 1-0

[Event "Druzynowe Mistrzostwa Polski Juniorow - II liga"]
[Site "Sypniewo k. Jastrowia"]
[Date "2023-06-17"]
[Round "4.42"]
[White "Bartkowiak, Aleksandra"]
[Black "Gorska, Amelia"]
[Result "0-1"]
[WhiteTitle "II"]
[BlackTitle "I"]
[WhiteElo "1135"]
[BlackElo "1216"]

1. e4 2. e5 3. Nf3 4. Nc6 5. d4 6. exd4 7. Nxd4 8. Nf6 9. Nc3 10. Bb4 11. Nxc6
12. bxc6 13. Bd3 14. O-O 15. Bg5 16. h6 17. Bh4 18. d5 19. exd5 20. Re8+ 21. Be2
22. Bxc3+ 23. bxc3 24. Ba6 25. O-O 26. Bxe2 27. Qd4 28. Bxf1 29. Rxf1 30. cxd5
31. Bxf6 32. Qxf6 33. Qxd5 34. Qxc3 35. Qd1 36. Qb2 37. f4 38. Qxa2 39. f5 40.
Qb2 41. f6 42. Rad8 43. Qg4 44. Qd4+ 45. Qxd4 46. Rxd4 47. fxg7 48. Kxg7 49. h3
50. Re2 51. Rc1 52. Rdd2 53. g4 54. Rxc2 55. Ra1 56. Ra2 57. Rc1 58. c5 59. Kf1
60. Red2 61. h4 62. c4 0-1

[Event "Druzynowe Mistrzostwa Polski Juniorow - II liga"]
[Site "Sypniewo k. Jastrowia"]
[Date "2023-06-17"]
[Round "4.43"]
[White "Krasniewski, Szymon"]
[Black "Bajer, Tomasz"]
[Result "1-0"]
[WhiteTitle "I"]
[BlackTitle "I"]
[WhiteElo "1856"]
[BlackElo "1485"]

1. g3 2. Nf6 3. Bg2 4. g6 5. c4 6. Bg7 7. Nc3 8. O-O 9. e3 10. d6 11. Nge2 12.
c5 13. O-O 14. Nc6 15. d4 16. Bd7 17. b3 18. Rb8 19. Bb2 20. Qc8 21. Nf4 22. Rd8
23. d5 24. Nb4 25. Qe2 26. Na6 27. Nd3 28. Nc7 29. a4 30. a6 31. a5 32. b5 33.
axb6 34. Rxb6 35. Nc1 36. Qb7 37. e4 38. Ng4 39. h3 40. Nh6 41. g4 42. f6 43.
f4 44. Nf7 45. g5 46. fxg5 47. e5 48. Nh6 49. e6 50. Nb5 51. Nxb5 52. Bxb2 53.
Qxb2 54. axb5 55. exd7 56. bxc4 57. Qe2 58. cxb3 59. Qe6+ 60. Kh8 61. Qxe7 62.
Qxd7 63. Qf6+ 64. Kg8 65. Nd3 66. Rf8 67. Nxc5 68. Qc7 69. Qxf8+ 1-0